[Event "Satu Mare Tasnad op"]
[Site "Satu Mare"]
[Date "2013.09.29"]
[Round "6"]
[White "Kardos, Ioan"]
[Black "Sarivan, Margareta"]
[Result "1-0"]
[WhiteElo "1743"]
[BlackElo "1943"]
[PlyCount "106"]
[EventDate "2013.09.26"]
[EventType "swiss"]
[EventRounds "7"]
[EventCountry "ROU"]
[SourceTitle "EXT 2014"]
[Source "ChessBase"]
[SourceDate "2013.11.20"]
[SourceVersion "1"]
[SourceVersionDate "2013.11.20"]
[SourceQuality "1"]

1. Nf3 d5 2. g3 c6 3. Bg2 Nd7 4. d3 e5 5. Nbd2 Ngf6 6. e4 Bd6 7. 0-0 0-0 8. b3 Re8 9. Bb2 Nf8 10. h3 Bd7 11. Qe2 Qc8 12. Kh2 Ng6 13. a4 h6 14. Rae1 d4 15. Qd1 b5 16. Qa1 a6 17. Bc1 Nh7 18. Re2 c5 19. Ng1 h5 20. Ndf3 c4 21. Nxe5 Bxe5 22. f4 Bb8 23. Qxd4 Ba7 24. Qd5 Nf6 25. Qg5 Bc6 26. Nf3 Nf8 27. Bb2 N8h7 28. Qh4 Qd8 29. Ne5 Bb7 30. bxc4 bxc4 31. Nxc4 Rc8 32. e5 Bxg2 33. Rxg2 Nd5 34. Qxh5 Rxc4 35. dxc4 Ne3 36. Qf3 Nxf1+ 37. Qxf1 Qd7 38. Qd3 Qxa4 39. Re2 Nf8 40. f5 Qb4 41. Bc3 Qc5 42. h4 Bb6 43. Qe4 Bc7 44. Kh3 Qe7 45. Kg2 Nd7 46. e6 fxe6 47. fxe6 Nf6 48. Qg6 Rf8 49. h5 Qe8 50. e7 Qc6+ 51. Kh2 Ra8 52. h6 Ng4+ 53. Qxg4 Qxh6+ 1-0